000
00294nam a2200121Ia 4500
008
190722s9999 xx 000 0 und d
020
_a
978-81-317-1703-5
100
_a
Alan Dix Russell
245
0
_a
Human Computer Interaction
260
_a
India
_b
Pearson Ed.
_c
2004
300
_a
834
942
_c
BK
999
_c
675
_d
675